Every NBA Teams Greatest Player - Statistics

General Stats
  • This quiz has been taken 789 times
  • The average score is 26 of 31
Answer Stats
Players Team Answer (No Repeats) % Correct
Cavaliers LeBron James
100%
Spurs Tim Duncan
97%
Thunder Kevin Durant
96%
Bulls Michael Jordan
96%
Lakers Magic Johnson
95%
Warriors Wilt Chamberlain
95%
Heat Dwyane Wade
93%
Bucks Kareem Abdul-Jabbar
93%
Celtics Bill Russell
92%
Mavericks Dirk Nowitzki
92%
Rockets Hakeem Olajuwon
92%
Jazz Karl Malone
89%
Magic Shaquille O'Neal
89%
Pistons Isiah Thomas
88%
Timberwolves Kevin Garnett
88%
Raptors Vince Carter
88%
Pelicans Anthony Davis
86%
Knicks Patrick Ewing
86%
Clippers Chris Paul
85%
Supersonics Gary Payton
83%
Pacers Reggie Miller
83%
Suns Steve Nash
83%
76ers Julius Erving
82%
Grizzlies Marc Gasol
79%
Trail Blazers Clyde Drexler
78%
Hawks Dominique Wilkins
78%
Nuggets Carmelo Anthony
77%
Nets Jason Kidd
76%
Kings Oscar Robertson
75%
Wizards Wes Unseld
62%
Hornets Alonzo Mourning
52%
No matching quizzes found
Score Distribution
Percent of People with Each Score
Percentile by Number Answered
Your Score History
You have not taken this quiz